Normal view
MARC view
- Hartman , Howard L. & Mutmansky , Jan M.
Entry Personal Name
001 - CONTROL NUMBER
- control field: 18854
003 - CONTROL NUMBER IDENTIFIER
- control field: NUST
005 - DATE AND TIME OF LATEST TRANSACTION
- control field: 20190730063822.0
008 - FIXED-LENGTH DATA ELEMENTS
- fixed length control field: 190730|| aca||aabn | a|a d
040 ## - CATALOGING SOURCE
- Original cataloging agency: NUST
- Transcribing agency: NUST
100 ## - HEADING--PERSONAL NAME
- Personal name: Hartman , Howard L. & Mutmansky , Jan M.
670 ## - SOURCE DATA FOUND
- Source citation: Work cat.: (NUST): Hartman , Howard L. & Mutmansky , Jan M., INTRODUCTORY MINING ENGINEERING \, 2018.
